00985nam a22002654aa4500003000800000005001700008008004100025040003000066041000800096044000700104082001700111100003500128245014100163260002700304300004200331500003600373502018000409650002400589653001600613653001400629653001000643653001400653653001200667700004000679BOFEUTO20260512142559.0 t2024 bo gr 000 f spa d 6BOFEUTOaBOFEUTOcBOFEUTO aspa abo aTE6293bH874 aHuayta Mamani, Estefanyeautor aEstrategias de marketing industrial para la Ferretería Nuestra Señora del Socavón de la ciudad de Oruro .cEstefany Huayta Mamani  aOruro :bs/n ;c2024 . a120 hojas :bgráf, tab .;c28.5 cm. aIncluye bibliografía, anexos. aTesis Dirigida, (Licenciatura) -- Universidad Técnica de Oruro, Facultad de Ciencias Económicas, Financieras y Administrativas, Carrera Administración de Empresas, 2024. aMarketing Idustrial aDesempeño aMarketing aPlazo aDesafío aMercado aGutiérrez Ledesma, Claudiaetutor